000 00705cam a22002171 4500
999 _c328454
_d328454
001 7840767
003 Nust
005 20170407120751.0
008 730814s1938 nyu 000 1 eng
010 _a 38029001
020 _a9788129112262
035 _a(OCoLC)676749
040 _aDLC
_cOKentU
_dOCoLC
_dDLC
042 _apremarc
050 0 0 _aPZ3.W465
_bAp2
_aPR5774
082 _a823
_bWEL
100 1 _aWells, H. G.
_q(Herbert George),
_d1866-1946.
245 1 0 _aApropos of Dolores,
_cby H. G. Wells.
260 _aNew York,
_bC. Scribner's Sons,
_c1938.
300 _aviii 293 p.
_c21 cm.
906 _a7
_bcbc
_coclcrpl
_du
_encip
_f19
_gy-gencatlg
942 _2ddc
_cBK